Lehninger Principles of Biochemistry (Record no. 37125)

MARC details
000 -LEADER
fixed length control field 00515nam a22001937a 4500
005 - DATE AND TIME OF LATEST TRANSACTION
control field 20260421145212.0
008 - FIXED-LENGTH DATA ELEMENTS--GENERAL INFORMATION
fixed length control field 260421b |||||||| |||| 00| 0 eng d
020 ## - INTERNATIONAL STANDARD BOOK NUMBER
ISBN 978-1-4292-3414-6
082 ## - DEWEY DECIMAL CLASSIFICATION NUMBER
Item number NEL-P
Classification number 572
100 ## - MAIN ENTRY--AUTHOR
Author Name Nelson,David.L
245 ## - TITLE STATEMENT
Title Lehninger Principles of Biochemistry
250 ## - EDITION STATEMENT
Edition statement 6th.ed
260 ## - PUBLICATION, DISTRIBUTION, ETC.
Place of Publication USA :
Name of publisher, distributor, etc. W.H.Freeman and Company;
Date of publication, distribution, etc. 2013.
300 ## - PHYSICAL DESCRIPTION
Pages 1198 p :xxviii ;
500 ## - GENERAL NOTE
General note Include Index.
650 ## - SUBJECT ADDED ENTRY--TOPICAL TERM
Subject / Department Medical / Biochemistry
700 ## - ADDED ENTRY--PERSONAL NAME
Personal name Cox,Michael.M
952 ## - LOCATION AND ITEM INFORMATION (KOHA)
-- 0
-- 0
952 ## - LOCATION AND ITEM INFORMATION (KOHA)
-- 0
-- 0
Holdings
Lost status Damaged status Collection code Permanent Location Current Location Shelving Location Date acquired Full Call Number Accession No./Barcode Date last seen Copy number item type Koha item type
    Medical Superior Information Resource Center (SIRC) Superior University- Main Campus Superior Information Resource Center (SIRC) Superior University- Main Campus Biochemistry (D-L) 04/21/2026 572 NEL-L 2013 29803 04/21/2026 1 BOOK BOOK
    Medical Superior Information Resource Center (SIRC) Superior University- Main Campus Superior Information Resource Center (SIRC) Superior University- Main Campus Biochemistry (D-L) 04/21/2026 572 NEL-L 2013 29804 04/21/2026 2 BOOK BOOK

Powered by Koha